Declinations-Zones -2 degrees to -22 degrees Sternverzeichnis (Record no. 3379)
[ view plain ]
| 000 -LEADER | |
|---|---|
| fixed length control field | 00626nam a2200181Ia 4500 |
| 003 - CONTROL NUMBER IDENTIFIER | |
| control field | IN-BaIIA |
| 008 - FIXED-LENGTH DATA ELEMENTS--GENERAL INFORMATION | |
| fixed length control field | 211028s9999 xx 000 0 eng d |
| 040 ## - CATALOGING SOURCE | |
| Transcribing agency | IIA Library |
| 080 ## - UNIVERSAL DECIMAL CLASSIFICATION NUMBER | |
| Universal Decimal Classification number | 083:524.312 |
| Item number | BON |
| 110 ## - MAIN ENTRY--CORPORATE NAME | |
| Corporate name or jurisdiction name as entry element | Bonner Durchmusterung Sudlicher |
| 9 (RLIN) | 5997 |
| 245 #0 - TITLE STATEMENT | |
| Title | Declinations-Zones -2 degrees to -22 degrees Sternverzeichnis |
| Statement of responsibility, etc. | Bonner Durchmusterung Sudlicher |
| 260 ## - PUBLICATION, DISTRIBUTION, ETC. | |
| Place of publication, distribution, etc. | Bonner |
| Name of publisher, distributor, etc. | Dummlers Verlag |
| Date of publication, distribution, etc. | 1967 |
| 500 ## - GENERAL NOTE | |
| General note | German language |
| 650 ## - SUBJECT ADDED ENTRY--TOPICAL TERM | |
| Topical term or geographic name entry element | NASA Thesaurus |
| 650 ## - SUBJECT ADDED ENTRY--TOPICAL TERM | |
| Topical term or geographic name entry element | Star Spectra-Tables |
| 9 (RLIN) | 5998 |
| 650 ## - SUBJECT ADDED ENTRY--TOPICAL TERM | |
| Topical term or geographic name entry element | Tables-Star Spaectra |
| 9 (RLIN) | 5999 |
| 942 ## - ADDED ENTRY ELEMENTS (KOHA) | |
| Koha item type | Books |
| Withdrawn status | Lost status | Damaged status | Not for loan | Home library | Current library | Shelving location | Date acquired | Cost, normal purchase price | Total Checkouts | Full call number | Barcode | Date last seen | Cost, replacement price | Price effective from | Koha item type | Purchase Price |
|---|---|---|---|---|---|---|---|---|---|---|---|---|---|---|---|---|
| IIA Library-Bangalore | IIA Library-Kavalur | General Stacks | 03/02/1970 | 97.02 | 083:524.312/BON | 3755 | 05/11/2021 | 97.02 | 03/02/1970 | Books | Rs. 97.02 |